Statistics for EU Member States With Greatest Rate Of Unemployment

Click here to take the quiz!

General Stats

  • This quiz has been taken 29 times
  • The average score is 9 of 10

Answer Stats

% Answer % Correct
21.4Spain
100%
24.5Greece
96%
13.1Croatia
96%
12.4Portugal
96%
11.3Italy
96%
11.7Slovenia
92%
10.6France
88%
10.3Latvia
88%
10.6Austria
85%
15.8Cyprus
81%

Score Distribution

Percentile by Number Answered

Percent of People with Each Score

Your Score History

You have not taken this quiz